| 000 | 01328nam a2200349 a 4500 | ||
|---|---|---|---|
| 001 | ebr10520079 | ||
| 003 | CaPaEBR | ||
| 006 | m u | ||
| 007 | cr cn||||||||| | ||
| 008 | 110411s2012 flua s 001 0 eng d | ||
| 010 | _z 2011015505 | ||
| 020 | _z9781604270235 (pbk. alk. paper) | ||
| 020 | _z9781604277210 (e-book) | ||
| 040 |
_aCaPaEBR _cCaPaEBR |
||
| 035 | _a(OCoLC)774293651 | ||
| 050 | 1 | 4 |
_aNA2543.T43 _bP85 2012eb |
| 082 | 0 | 4 |
_a724/.7 _222 |
| 100 | 1 |
_aGoldemberg, Eric, _d1970- |
|
| 245 | 1 | 0 |
_aPulsation in architecture _h[electronic resource] / _cby Eric Goldemberg. |
| 260 |
_aFt. Lauderdale, Fla. : _bJ. Ross Pub., _cc2012. |
||
| 300 |
_a475 p. : _bill. (some col.) |
||
| 500 | _aIncludes index. | ||
| 533 |
_aElectronic reproduction. _bPalo Alto, Calif. : _cebrary, _d2012. _nAvailable via World Wide Web. _nAccess may be limited to ebrary affiliated libraries. |
||
| 650 | 0 | _aArchitecture and technology. | |
| 650 | 0 |
_aArchitecture _xTechnological innovations. |
|
| 650 | 0 | _aDesign and technology. | |
| 650 | 0 |
_aDesign _xTechnological innovations. |
|
| 650 | 0 | _aArchitectural design. | |
| 655 | 7 |
_aElectronic books. _2local |
|
| 710 | 2 | _aebrary, Inc. | |
| 856 | 4 | 0 |
_uhttp://site.ebrary.com/lib/rucke/Doc?id=10520079 _zAn electronic book accessible through the World Wide Web; click to view |
| 999 |
_c140888 _d140888 |
||